| 000 | 02519nam a22003377a 4500 | ||
|---|---|---|---|
| 003 | OSt | ||
| 005 | 20260514100253.0 | ||
| 008 | 260514b |||||||| |||| 00| 0 aze d | ||
| 040 |
_aAZ-XaKU _baze _cAZ-XaKU |
||
| 041 | _aaze | ||
| 050 | 0 | 4 | _aTK7819 .H8811 2010 v.2 |
| 100 | 1 |
_aHümbətov, R.T _emüəllif. |
|
| 245 | 1 |
_aElektronika 2-ci hissə _b:(Elektron qurğular) _c/ R.T.Hümbətov ; rəy verənlər M.B.Namazov, İ.M.İsmayılov ; redaktor A.M.Əliyev |
|
| 250 | _a2-ci hissə | ||
| 264 |
_aBakı: _b<<Marif>>, _c2010. |
||
| 300 |
_a284 səhifə ; _bşəkilli, _c20 sm. |
||
| 336 |
_atext _btxt _2rdacontent |
||
| 337 |
_aunmediated _bn _2rdamedia |
||
| 338 |
_avolume _bnc _2rdacarrier |
||
| 504 | _aƏdəbiyyat: s. 287-291 | ||
| 505 | 0 | _aGiriş -- Elektron açar sxemləri -- 2. Elektron məntiq elementləri -- 3. Elektrik siqnallarını gücləndirən qurğular -- 4. Harmonik rəqs generatorları -- 5. İmpuls siqnallı generatorlar -- 6. Rəqəmli elektron və mikroelektron qurğular -- 7. Siqnal formalaşdırıcıları və analoq-rəqəm çevirici qurğular -- 8. Elektrik enerjisini çevirən, tənzimləyən və stabilləşdirən elektron qurğular-ikinci qida mənbələri. | |
| 520 | _aDərs vəsaitində yarımkeçirici cihazlarda və inteqral mikrosxemlərdə yığılmış, analoq və impulsşəkilli siqnallar üzərində müxtəlif çevirmələr aparan elektron qurğularının: açarların, məntiq elementlərinin, gücləndiricilərin, generatorların, sayğacların, registrlərin, kod çeviricilərinin, siqnal formalaşdırıcılarının, düzləndiricilərin, hamarlayıcı süzgəclərin, stabilizatorların və s. təsnifatı verilir, onların prinsipial və ekvivalent sxemləri araşdırılır, iş prinsipləri şərh edilir, əsas parametrləri xarakterik xüsusiyyətləri və təyinatları haqqında məlumat verilir. | ||
| 521 | _aVəsait ali texniki məktəblərin və texnikumların elektronika, avtomatlaşdırma, telekommunikasiya, radiotexnika, cihazqayırma və elektroenergetika yönümlü ixtisasları üzrə təhsil alan tələbələri üçün nəzərdə tutulmuşdur. Vəsaitdən həm də idarəetmə və elektronika sahəsində çalışan mütəxəssislər də faydalana bilərlər. | ||
| 650 | 7 |
_aMühəndislik _2AZ-XaKU |
|
| 655 |
_2AZ-XaKU _aDərslik |
||
| 700 | 1 |
_aNamazov, M.B, _edosent, _qrəyçi. |
|
| 700 | 1 |
_aİsmayıl, İ.M, _edosent, _qrəyçi. |
|
| 700 | 1 |
_aƏliyev, A.M, _edosent, _qredaktor. |
|
| 942 | _cBOOK | ||
| 999 |
_c474 _d474 |
||